LEADER 01368nam0 22002651i 450 001 UON00191459 005 20231205103216.680 100 $a20030730d1972 |0itac50 ba 101 $aeng 102 $aGB 105 $a|||| 1|||| 200 1 $aAdvice to young men and (incidentally) to young women in the middle and higher ranks of life in a series of letters addressed to a youth, a bachelor, a lover, a husband, a father, a citizen or a subject$fby William Cobbett 205 $aWestmead : Gregg International Publishers$b1972 210 $ax$d335 p. ; 28 cm 215 $aRipr. facs. dell'ed.: London$c1869. 620 $dWestmead$3UONL000729 676 $a820$cLetteratura inglese e antico inglese$v21 700 1$aCOBBETT$bWilliam$3UONV047274$0195253 712 $aGregg International Publishers Limited$3UONV257432$4650 801 $aIT$bSOL$c20240220$gRICA 899 $aSIBA - SISTEMA BIBLIOTECARIO DI ATENEO$2UONSI 912 $aUON00191459 950 $aSIBA - SISTEMA BIBLIOTECARIO DI ATENEO$dSI Angl IV A COB 05 $eSI SI 6497 5 05 996 $aAdvice to young men and (incidentally) to young women in the middle and higher ranks of life in a series of letters addressed to a youth, a bachelor, a lover, a husband, a father, a citizen or a subject$91293842 997 $aUNIOR